Košičania s čistým štítom Prvé zápasy semifinále playoff hokejovej Extraligy: dráma v Trenčíne

Bibliographic Details
Main Authors: Náprstek, Maroš (Author), Bednarič, Ján (Author)
Format: Article
Language:Slovak
Subjects:

MARC

LEADER 00000nab a2200000 a 4500
001 vtls000575520
003 SK-MaSNL
005 20260303013155.0
008 120929c1996 xo 0 slo
015 |a SNBRB19rr/mm-uuuuu 
035 |a CL0575658 
040 |a SNKBUCL  |b slo  |c SNKBUCL  |e AACR2 
041 0 |a slo 
044 |a xo  |c SK 
080 |a 796.966.093.1  |2 1981 
100 1 |a Náprstek, Maroš  |4 aut  |9 612289 
245 1 0 |a Košičania s čistým štítom  |b Prvé zápasy semifinále playoff hokejovej Extraligy: dráma v Trenčíne  |c Maroš Náprstek, Ján Bednarič 
650 0 7 |a ľadový hokej  |2 snkbucl  |9 3231 
655 7 |a články z novín a časopisov  |2 snkbucl  |9 267496 
700 1 |a Bednarič, Ján  |4 aut  |9 11478 
773 0 |t Šport  |g Roč. 50, č. 54 (5. 3. 1996), s. 5 
850 |a Slovenská národná knižnica v Martine  |a MTA001 
852 |a SNK  |b KIS3GCP 
958 |a RK 
992 |a RBX 
999 |c 1601091  |d 1603021